000 00281nam a2200121Ia 4500
008 220204s9999 xx 000 0 und d
082 _a025.49
_bRAN
100 _aRanganathan, S R
245 0 _aColon classification
250 _aEd.6
260 _aMadras
_bAsia
_c1933
942 _cBK
999 _c20738
_d20738